| 000 | 01172nam a2200277 a 4500 | ||
|---|---|---|---|
| 001 | 1569 | ||
| 003 | BD-RjUL | ||
| 005 | 20211208233348.0 | ||
| 008 | 131208s1958 nyua 001 0 eng | ||
| 035 | _a(BD-RjUL)1594 | ||
| 040 |
_aLC _beng _cLC _dSSL _dBD-RjUL |
||
| 041 | _aeng | ||
| 082 |
_a302 _223 _bREA |
||
| 245 | 0 | 0 |
_aReadings in social psychology / _cEditorial Committee: Eleanor E. Maccoby, Theodore M. Newcomb, E. L. Hartley ; Prepared for the Committee on the Teaching of Social Psychology of the Society for the Psychological Study of Social Issues |
| 250 | _a3rd ed. | ||
| 260 |
_aNew York : _bHolt, Rinehart and Winston, Inc. , _c1958. |
||
| 300 |
_a674 p. : _billus. ; _c24 cm. |
||
| 650 | 0 |
_aSocial psychology. _95087 |
|
| 700 | 1 |
_aMaccoby, Eleanor E. _q(Eleanor Emmons), _d1917- , ed. _9234388 |
|
| 700 | 1 |
_aNewcomb, Theodore M. _q(Theodore Mead), _d1903-1984 , jt. ed. _9234389 |
|
| 700 | 1 |
_aHartley, E. L. _q(Eugene Leonard), _d1912- , jt. ed. _9234390 |
|
| 710 | 2 |
_aSociety for the Psychological Study of Social Issues. _bCommittee on the Teaching of Social Psychology. _95188 |
|
| 942 |
_2ddc _cBK |
||
| 999 |
_c1569 _d1569 |
||